000 00926nam a2200241 a 4500
001 000025189
005 20240226144121.0
008 110211s2005 dr r 000 0 spa d
040 _aDO-SdBNP
_bspa
_cBNPHU
082 _a923.7
_bP422H
100 1 _aHernández, Pablo María
_943451
245 1 0 _aIdeales patrióticos de Ercilia Pepín /
_cPablo María Hernández ; prólogo Augusto Bravo.
260 _aSanto Domingo :
_bUniversidad Autónoma de Santo Domingo,
_c2005.
300 _a46 p. ;
_c21 cm.
490 1 _aPublicaciones de la Universidad Autónoma de Santo Domingo
_v756
490 1 _aEducación y sociedad
_v59
504 _aBibliografía : p. 45-46
590 _aInventariado, 2019/BT
600 1 0 _aPepín, Ercilia,
_d1886-1939
_96456
700 1 _aBravo, Augusto
_epról.
_951671
830 0 _aPublicaciones de la Universidad Autónoma de Santo Domingo
_n756
_951672
830 0 _aEducación y sociedad
_n59
_951673
999 _c24682
_d24682